Normal view
MARC view
- Littérature
Entry Topical Term
001 - CONTROL NUMBER
- control field: 7816
003 - CONTROL NUMBER IDENTIFIER
- control field: NUST
005 - DATE AND TIME OF LATEST TRANSACTION
- control field: 20171228123105.0
008 - FIXED-LENGTH DATA ELEMENTS
- fixed length control field: 171228|| aca||aabn | a|a d
040 ## - CATALOGING SOURCE
- Original cataloging agency: NUST
- Transcribing agency: NUST
150 ## - HEADING--TOPICAL TERM
- Topical term or geographic name entry element: Littérature
- Chronological subdivision: 20e siècle
- General subdivision: Histoire et critique.
670 ## - SOURCE DATA FOUND
- Source citation: Work cat.: (NUST)0: Twentieth-century literary criticism., 1978
